Basics of Toxicology /

Gespeichert in:
Bibliographische Detailangaben
1. Verfasser: Kent, Chris (Verfasst von)
Format: Buch
Veröffentlicht: John Wiley 1998
Schriftenreihe:Preserving the Legacy
Schlagworte:
Tags: Tag hinzufügen
Keine Tags, Fügen Sie das erste Tag hinzu!

MARC

LEADER 00000nam a22000003a 4500
001 0087951
003 SK-STU
005 20210421092930.4
007 ta
008 210421s ----xo-----e------000-0-----d
020 |a 978-0-471-29982-0 
040 |a STU  |b slo 
100 1 |a Kent, Chris  |4 aut 
245 1 0 |a Basics of Toxicology /  |c aut. Chris Kent 
260 |b John Wiley  |c 1998 
300 |a 402 s. 
490 0 |a Preserving the Legacy 
650 0 7 |a toxikológia 
996 |b 284M088735  |c M* 14468-1  |l MMST  |s A  |a 24  |w 0087951_0001